000 00661nam a2200205 a 4500
003 MX-MxUPN
005 20240812112813.0
008 991125s1965 mx a r 000 j spa d
035 _aUPN01000039998
040 _aMX-MxUPN
_bspa
_cMX-MxUPN
041 0 _aspa
050 1 4 _aPQ7297 M642
_bM68
100 1 _aMonterde, Francisco,
_d1894-1985
_929349
245 1 4 _aUna moneda de oro y otros cuentos
260 _aMéxico :
_bSeminario de Cultura Mexicana,
_c1965
300 _a158 páginas
650 4 _aCuentos mexicanos
_96937
710 2 _aCentro Nacional de Documentación e Información Educativa (México)
_951353
_epropietario anterior
942 _2lcc
_cLIBRO
999 _c39998
_d39998